000 00897cab a2200193 4500
001 ##L135391
008 061023n2006 000 0 eng u
035 _a(Sirsi) u135391
041 0 _aeng
100 1 _aMcCormick, Helen
245 0 0 _aSeptember's fall
260 _c2006
490 0 _aContract Journal
_v435(6597) 18 October 2006, 18-19(2)
520 _aBalfour Beatty topped the new work winners monthly league tables for September and for the past 12 months. In September's table, Bovis Lend Lease climbed to second and Laing O'Rourke remained in third. Overall figures reveal a fall in contract orders from August's figures, with the exception of the public sector. Includes tables giving breakdown of work by geographical region and sector for the last 12 months.
590 _aIKA311006
651 4 _aGREAT BRITAIN
690 _aBUILT ENVIRONMENT-CONSTRUCTION MARKET
942 _n0
999 _c77883
_d77883